<?xml version="1.0" encoding="UTF-8"?><?xml-stylesheet type="text/xsl" href="static/style.xsl"?><OAI-PMH xmlns="http://www.openarchives.org/OAI/2.0/" xmlns:xsi="http://www.w3.org/2001/XMLSchema-instance" xsi:schemaLocation="http://www.openarchives.org/OAI/2.0/ http://www.openarchives.org/OAI/2.0/OAI-PMH.xsd"><responseDate>2026-06-06T04:09:22Z</responseDate><request verb="GetRecord" identifier="oai:riuma.uma.es:10630/12982" metadataPrefix="marc">https://riuma.uma.es/rest/oai/request</request><GetRecord><record><header><identifier>oai:riuma.uma.es:10630/12982</identifier><datestamp>2026-02-03T10:22:36Z</datestamp><setSpec>com_10630_1685</setSpec><setSpec>col_10630_38055</setSpec></header><metadata><record xmlns="http://www.loc.gov/MARC21/slim" xmlns:dcterms="http://purl.org/dc/terms/" xmlns:doc="http://www.lyncode.com/xoai" xmlns:xsi="http://www.w3.org/2001/XMLSchema-instance" xsi:schemaLocation="http://www.loc.gov/MARC21/slim http://www.loc.gov/standards/marcxml/schema/MARC21slim.xsd">
   <leader>00925njm 22002777a 4500</leader>
   <datafield ind2=" " ind1=" " tag="042">
      <subfield code="a">dc</subfield>
   </datafield>
   <datafield ind2=" " ind1=" " tag="720">
      <subfield code="a">De-Guzmán-Manzano, Arturo</subfield>
      <subfield code="e">author</subfield>
   </datafield>
   <datafield ind2=" " ind1=" " tag="260">
      <subfield code="c">2017-02-10</subfield>
   </datafield>
   <datafield ind2=" " ind1=" " tag="520">
      <subfield code="a">En el presente trabajo se describe el diseño e implantación de una interfaz de comunicación basada en la detección de gestos del cirujano para cirugía laparoscópica asistida por la mano.&#xd;
Para el desarrollo del sistema de detección de gestos se va a utilizar el dispositivo hardware Leap Motion, el cual permite registrar secuencias de parámetros físicos de la mano, útiles para la identificación de patrones de movimiento. Esta información es el punto de partida para la implementación de un sistema de reconocimiento de gestos basado en los Modelos Ocultos de Markov. Dicho sistema consta de una fase inicial de entrenamiento de los modelos, y otra fase de reconocimiento que permite distinguir gestos a partir de secuencias de características observables. Además, el sistema desarrollado debe integrarse en la plataforma robótica del grupo de Robótica Médica del departamento de Ingeniería de Sistemas y Automática, la cual dispone de una arquitectura basada en ROS para conectar todos los sistemas y dispositivos de los que disponen. Tanto el hardware necesario como el software desarrollado se describen a lo largo de esta memoria, explicando y justificando cada decisión tomada, para finalmente terminar con una serie de experimentos que validan el funcionamiento sistema de reconocimiento.</subfield>
   </datafield>
   <datafield ind1="8" ind2=" " tag="024">
      <subfield code="a">http://hdl.handle.net/10630/12982</subfield>
   </datafield>
   <datafield tag="653" ind2=" " ind1=" ">
      <subfield code="a">Laparoscopia</subfield>
   </datafield>
   <datafield tag="653" ind2=" " ind1=" ">
      <subfield code="a">Interfaces de ordenadores</subfield>
   </datafield>
   <datafield tag="653" ind2=" " ind1=" ">
      <subfield code="a">Robótica médica</subfield>
   </datafield>
   <datafield tag="653" ind2=" " ind1=" ">
      <subfield code="a">Informática - Trabajos Fin de Grado</subfield>
   </datafield>
   <datafield tag="653" ind2=" " ind1=" ">
      <subfield code="a">Grado en Ingeniería de la Salud - Trabajos Fin de Grado</subfield>
   </datafield>
   <datafield ind2="0" ind1="0" tag="245">
      <subfield code="a">Diseño de una interfaz basada en la detección de gestos para cirugía laparoscópica asistida por la mano</subfield>
   </datafield>
</record>
</metadata></record></GetRecord></OAI-PMH>